000 00262nam a22000857a 4500
008 240229b |||||||| |||| 00| 0 eng d
020 _a9789356349469
100 _aoswaal books learning pvt.ltd
_97753
245 _aPhysics Class 12 CBSE Question bank with Solved Papers
999 _c12545
_d12545